000 01495nac a22003851i 4500
003 EG-ScBUE
005 20250624082421.0
006 a||||f |||| 001 0
008 250611t1999 maua f b 001 0 eng d
020 _a0070683050 (acid-free paper)
020 _a9780070683051
040 _aEG-ScBUE
_beng
_erda
_cEG-ScBUE
_dEG-ScBUE
082 0 4 _a536.7
_bWAR
_222
100 1 _aWark, Kenneth,
_d1927-
_eauthor.
245 1 0 _aThermodynamics /
_cKenneth Wark, Jr., Purdue University, Donald E. Richards, Rose-Hulman Institute of Technology.
250 _aSixth edition.
264 1 _aBoston :
_bWCB McGraw-Hill,
_c[1999]
264 4 _cc1999
300 _axix, 1164 pages :
_billustrations ;
_c24 cm +
_e1 CD.
336 _2rdacontent
_atext
_btxt
336 _2rdacontent
_asounds
_bsnd
337 _aunmediated
_2rdamedia
_bn
337 _aaudio
_2rdamedia
_bs
338 _avolume
_bnc
_2rdacarrier
338 _acomputer disc
_bcd
_2rdacarrier
490 0 _aMcGraw-Hill series in mechanical engineering
504 _aIncludes bibliographical references and index.
538 _aSystem requirements for accompanying computer disk: IBM PC or compatible; Windows 3.1 or higher.
650 7 _aThermodynamics.
_2BUEsh
655 _vReading book
700 1 _aRichards, Donald E.,
_eauthor.
856 4 2 _3Publisher description
_uhttp://www.loc.gov/catdir/description/mh024/98010720.html
856 4 2 _3Table of contents
_uhttp://www.loc.gov/catdir/toc/mh023/98010720.html
942 _cBB
_2ddc
999 _c1388
_d1388